| 000 | 00575nam a2200205Ia 4500 | ||
|---|---|---|---|
| 005 | 20221118125925.0 | ||
| 008 | 131103s9999 xx 000 0 und d | ||
| 020 | _aSBN 195615522 | ||
| 040 | _aLoreto College | ||
| 041 | _aEnglish | ||
| 082 |
_a954.03 _bMEH |
||
| 100 | _aMehra,Parshotam | ||
| 245 | 2 |
_aA dictionary of Modern Indian history 1707 - 1947 _cParshotam Mehra |
|
| 260 |
_aDelhi _bOxford University Press _c1985 |
||
| 300 |
_axv,823 p. _b maps |
||
| 504 | _aIncludes index and chronology | ||
| 650 | _aIndian Modern History | ||
| 850 | _aLCLIB | ||
| 942 | _cBK | ||
| 999 |
_c9835 _d60314 |
||